000 00613nam a2200217Ia 4500
003 OSt
005 20221007065433.0
006 a|||||r|||| 00| 0
007 ta
008 221006b |||||||| |||| 00| 0 eng d
024 _a42,842
037 _cDissertations
040 _aFLL
_cFLL
_beng
041 _2eng
_aeng
100 _aGhazi Amir Mohd.
_9687002
245 0 _aConfession & its relevancy in criminal trials
_b a comparative study
260 _aFaculty
_bof law University of Delhi
_c2015
300 _a166 xxv
_ccm.
942 _cDIS
_2CC
999 _c1137279
_d1137279